52 Seed thoughts for Christian living. (Record no. 13100)

000 -LEADER
fixed length control field 00613nam a2200181 a 4500
001 - CONTROL NUMBER
control field :::00010918$&:&@@
003 - CONTROL NUMBER IDENTIFIER
control field OkBaRHE
005 - DATE AND TIME OF LATEST TRANSACTION
control field 20000607103404.0
008 - FIXED-LENGTH DATA ELEMENTS--GENERAL INFORMATION
fixed length control field s1963 j 000 0 eng u
040 ## - CATALOGING SOURCE
Transcribing agency
100 1# - MAIN ENTRY--PERSONAL NAME
Personal name White, R. E. O. (Reginald Ernest Oscar), 1914-
245 10 - TITLE STATEMENT
Title 52 Seed thoughts for Christian living.
260 ## - PUBLICATION, DISTRIBUTION, ETC. (IMPRINT)
Place of publication, distribution, etc Grand Rapids, MI., :
Name of publisher, distributor, etc Wm. B. Eerdmans Publishing Co.
Date of publication, distribution, etc c1963
300 ## - PHYSICAL DESCRIPTION
Extent 146 p. ;
Dimensions 22 cm.
650 ## - SUBJECT ADDED ENTRY--TOPICAL TERM
Topical term or geographic name as entry element Christian Life
General subdivision Baptist Authors
942 ## - ADDED ENTRY ELEMENTS (KOHA)
Source of classification or shelving scheme
Koha item type Books
Copies
Copy number Price effective from Not for loan Source of classification or shelving scheme Shelving location Withdrawn status Permanent Location Damaged status Date acquired Lost status Full call number Barcode Date last seen Koha item type
12010-04-14  General Stacks RHEMA Bible Training College 2010-04-14 BV 4501.2 .W45109182010-04-14Books